000 01540nam a22004337a 4500
001 000095787
003 CHAP
005 20220329143124.0
008 060524d2006 mx r 00110 spa d
010 _a92253
011 _a93225
035 _a103797
040 _cCHAP
090 _aTesis
100 1 _aHernández Aranda, Julio César.
_953810
245 1 0 _aProducción orgánica intensiva de nopal verdura (Opuntia ficus-indica) tipo cambray /
_c/por Julio César Hernández Aranda.
260 _aChapingo, Méx. :
_bEl autor,
_c2006.
300 _a57 h. :
_bilus.
502 _aTesis (Ing. en Agroecología) - - UACH. Departamento de Agroecología
590 _aALEPH
_b10
_c20130110
_lUCH01
_h1512
590 _aBATCH-UPD
_b10
_c20130110
_lUCH01
_h0643
590 _aBATCH-UPD
_b10
_c20130410
_lUCH01
_h0327
590 _aBATCH-UPD
_b10
_c20130913
_lUCH01
_h1836
590 _aBATCH-UPD
_b10
_c20140324
_lUCH01
_h1457
590 _aBATCH-UPD
_b10
_c20141002
_lUCH01
_h0830
590 _aCONVERSION
_b10
_c20130109
_lUCH01
_h1351
590 _aE5765TAJ
_b10
_c20130613
_lUCH01
_h0940
650 1 4 _aAbonos orgánicos.
_9273
650 1 4 _aAbonos
_xEfecto en nopal.
_9256
650 1 4 _aNopal
_xConsumo.
_981660
650 1 4 _aNopal
_xRendimiento.
_981695
856 _3Finding aid
_uhttp://10.13.5.2/tesis/103797.pdf
_zTeclea aquí
901 _aBK
905 _aLilia
942 _cCD
942 _n0
949 _aTesis
_bBC
_cTES
_d33724000987871
_eTS1
_h45260
_i103797
_sb
949 _aTesis
_bBC
_cTES
_d33724000988523
_eTS2
_fc.2
_h45261
_i103797
_si
999 _c92253
_d92253